01009nam a2200229Ia 4500008004100000020001500041082001800056100001600074245004000090260002500130300001400155500002400169650001600193700002300209942000700232952010500239952010500344952010500449952010500554952010500659999001500764230524s9999 xx 000 0 und d a0074624989 a621.3821bZBE aPaul B.Zbar 0aBasic Electronics A Text Lab Manual aNEW DELHIbTMHc2003 aXIIII;381 aQuantity Number: 5 aElectronics a Albert P. Malvino cBK 00104070aTATCLbTATCLcGENd2023-05-24l0o621.3821 ZBEp1376r2023-05-24w2023-05-24yBKzBE7105 00104070aTATCLbTATCLcGENd2023-05-24l0o621.3821 ZBEp3661r2023-05-24w2023-05-24yBKzBE7105 00104070aTATCLbTATCLcGENd2023-05-24l0o621.3821 ZBEp3662r2023-05-24w2023-05-24yBKzBE7105 00104070aTATCLbTATCLcGENd2023-05-24l0o621.3821 ZBEp3663r2023-05-24w2023-05-24yBKzBE7105 00104070aTATCLbTATCLcGENd2023-05-24l0o621.3821 ZBEp3664r2023-05-24w2023-05-24yBKzBE7105 c4455d4455